000
00291cam a22000977a 4500
008
180718b1995 xxu||||| |||| 00| 0 eng d
100
_a
Brahmverchasva
245
_a
Yagay: ek samagra upchar prakriya
_c
edited by Brahmverchasva
260
_a
Mathura
_b
Akhand Jyoti Sansthan
_c
1995
650
_a
Yagay
999
_c
439024
_d
439024